| 000 | 00354nam a2200145Ia 4500 | ||
|---|---|---|---|
| 008 | 210719s1971 xx 000 0 und d | ||
| 041 | _aeng | ||
| 082 | _a152.452 TRIA | ||
| 100 | _aTRIANDIS (Harry C) | ||
| 245 | _aAttitude & attitude change. | ||
| 260 |
_aNY _bJohn Wiley and Sons _c1971 |
||
| 300 |
_a232 _bPB |
||
| 365 | _cRs | ||
| 650 | _aPsychology | ||
| 999 |
_c212618 _d212618 |
||